000 00364nam a2200145Ia 4500
008 230917s9999||||xx |||||||||||||| ||und||
040 _e160300
_aMAIN
041 _aEnglish
082 _a338.4791 C399T
100 _aChawla, Romila, ed.
245 0 _aTourism and management
260 _aNew Delhi
_bSonali Publications
_c2003
300 _a328 p.
942 _cBK
999 _c130113
_d130113